Normal view
MARC view
Entry Topical Term
001 - CONTROL NUMBER
- control field: 4292
003 - CONTROL NUMBER IDENTIFIER
- control field: BD-DhBUF
005 - DATE AND TIME OF LATEST TRANSACTION
- control field: 20260112113158.0
008 - FIXED-LENGTH DATA ELEMENTS
- fixed length control field: 260112|| aca||aabn | a|a d
040 ## - CATALOGING SOURCE
- Original cataloging agency: BD-DhBUF
- Transcribing agency: BD-DhBUF
150 ## - HEADING--TOPICAL TERM
- Topical term or geographic name entry element: Six sigma (Quality control standard)
670 ## - SOURCE DATA FOUND
- Source citation: Work cat.: (BD-DhBUF)2954: Truscott, William T. 4291, Six sigma :, 2003.
